[Event "Moscow Tal Memorial 5th"]
[Site "Moscow"]
[Date "2010.11.13"]
[Round "8"]
[White "Mamedyarov, Shakhriyar"]
[Black "Wang, Hao"]
[Result "1-0"]
[WhiteElo "2761"]
[BlackElo "2727"]
[Annotator "Krasenkow,M"]
[PlyCount "71"]
[EventDate "2010.11.05"]
[EventType "tourn"]
[EventRounds "9"]
[EventCountry "RUS"]
[EventCategory "21"]
[SourceTitle "CBM 139"]
[Source "ChessBase"]
[SourceDate "2010.11.18"]
[SourceVersion "1"]
[SourceVersionDate "2010.11.18"]
[SourceQuality "1"]

1. d4 Nf6 2. c4 e6 3. Nf3 d5 4. Nc3 Bb4 5. Bg5 h6 6. Bxf6 Qxf6 7. e3 O-O 8. Rc1
dxc4 {The main move, although it seems a bit illogical since the white bishop
is still on f1.} 9. Bxc4 c5 10. O-O cxd4 11. exd4 {Getting a typical isolated
central pawn structure.} (11. Nxd4 {is an alternative approach.}) 11... Nc6 (
11... Rd8) (11... Bxc3 {have been seen in practice, too.}) 12. Ne4 Qe7 {
The most solid reply.} ({After} 12... Qf4 {the black queen will be vulnerable:}
13. Qe2 Rd8 (13... Bd7 14. g3 (14. a3 Be7 15. Rfd1 Rad8 16. g3 Qg4 17. Qe3 Bc8
18. b4 a6 19. Rd2 Kh8 20. Be2 Qf5 $11 {1/2 Lerner,K (2560)-Farago,I (2445)/
Boeblingen 1997/EXT 2001 (36)}) 14... Qc7 15. Qe3 Rfd8 16. a3 Bf8 17. b4 $14 {
[%cal Gc1c7,Ge4c5] 1-0 Bagirov,R (2507)-Vasilevich,T (2431)/Abu Dhabi 2003/CBM
097/[Ribli] (60) Weiß kontrolliert mehr Raum und die schwarze Dame steht
weniger glücklich auf der c-Linie.}) 14. g3 Qg4 (14... Qf5 15. Rfd1 Bf8 (15...
Ba5 $2 16. Nh4 Qh7 17. d5 exd5 18. Bxd5 Bf5 19. Nc5 Bb6 20. Nxb7 Nd4 21. Rxd4
Bxd4 22. Nxd8 Rxd8 23. Rc7 $18 {1-0 Shneider,A (2530)-Blatny,P (2485)/Bern
1995/EXT 2000 (36)}) 16. a3 Bd7 17. Bd3 (17. b4 $14 {[%cal Yf3h4,Yd4d5] A.
Shneider}) 17... Qh5 18. Nc5 Bxc5 19. Rxc5 Qg4 20. Kg2 b6 21. Rc3 Qh5 22. Ne5
Qxe2 23. Bxe2 Nxe5 24. dxe5 Ba4 $11 {1/2 Cebalo,M (2570)-Dizdar,G (2510)/
Slavonski Brod 1995/CBM 048 (32)}) (14... Qc7 $142 $5 {The best move but then
why 12...Qf4 ?} 15. Rfd1 Bd7 16. a3 Bf8 17. b4 a6 18. Ba2 Be8 19. Bb1 Qe7 20.
h4 g6 $13 {0-1 Shulman,Y (2581)-Onischuk,A (2650)/San Diego 2006/CBM 112 (47)})
15. Rfd1 (15. Qe3 Bd7 (15... Ba5 16. Be2 Bb6 17. Rfd1 Qf5 18. Nc5 Qf6 19. Ne5
$14 {1-0 Gelfand,B (2680)-Benjamin,J (2610)/Horgen 1994/CBM 043/[Gelfand] (41)}
) 16. Be2 Qf5 17. Bd3 Qh5 18. a3 {1/2 Komarov,D (2580)-Farago,I (2475)/Bozen
1998/CBM 065 ext}) 15... Bd7 (15... Ba5 16. a3 Bb6 17. b4 Qh5 18. b5 Na5 19.
Ba2 Rd5 20. Rc2 Bd7 21. a4 Rd8 22. Nc5 $14 {1/2 Shneider,A (2551)-Kuzmin,G 
(2466)/Ordzhonikidze 2000/CBM 078 (42)}) 16. a3 Bf8 (16... Be7 17. Qe3 Be8 18.
b4 a6 19. Be2 Qh3 $6 (19... Qf5 20. Nc5 Bxc5 21. dxc5 Qf6 22. Bd3 $14) 20. Nc5
Bxc5 21. dxc5 Qf5 22. Bd3 Qf6 23. Be4 $16 {1-0 Gelfand,B (2681)-Piket,J (2649)/
New Delhi/Teheran 2000/CBM 080/[Gelfand] (32)}) 17. Qe3 Be8 18. b4 Qh5 19. Be2
Qf5 20. Nh4 Qh7 21. Nc5 g5 22. Nf3 Rab8 23. Bc4 $14 {1/2 Magai,V (2546)-Mitkov,
N (2532)/Istanbul 2000/EXT 2001 (44)}) (12... Qd8 13. a3 $1 (13. d5 exd5 14.
Bxd5 Bf5 15. Qb3 Qb6 16. Ng3 Bd7 17. Nh5 Bg4 18. Bxc6 bxc6 19. Rc4 Bxh5 20.
Rxb4 Qa5 21. a3 Bxf3 22. Qxf3 Rab8 $11 {1/2 Komarov,D (2575)-Kupreichik,V 
(2500)/Yugoslavia 1995/EXT 2010 (26)}) 13... Ba5 14. Qd3 Bb6 15. Rfd1 Qe7 {
losing a tempo} 16. Bb5 Bd7 17. Nc5 Be8 18. Qc3 Rc8 19. b4 a5 20. Bd3 axb4 21.
axb4 Rc7 22. Qe1 Kh8 23. h4 $36 {1-0 Topalov,V (2725)-Polgar,J (2645)/Madrid
1997/CBM 059 (45)}) 13. Qe2 (13. a3 Ba5 14. b4 Bb6 15. d5 exd5 16. Bxd5 Bg4 17.
Nc5 Rad8 18. Re1 Qd6 19. Nxb7 Qxd5 20. Qxd5 Rxd5 21. Rxc6 Bxf3 22. gxf3 Rd2 $44
{1/2 Zivanic,M (2459)-Yermolinsky,A (2522)/Stillwater 2009/CBM 130 Extra (41)})
(13. Qc2 Rd8 14. Rfd1 Bd7 15. a3 Ba5 16. b4 Bb6 17. Nc5 Be8 18. d5 exd5 19.
Bxd5 a5 $132 {0-1 Aronian,L (2786)-Kramnik,V (2772)/Moscow 2009/EXT 2010 (52)})
13... Rd8 (13... Ba5 14. Bb5 Bd7 15. Nc5 Be8 16. Qe4 Bb6 17. Bd3 g6 18. Rfd1 {
1/2 Benjamin,J-Serper,G/Connecticut 2000/EXT 2001 (42)}) 14. Rfd1 Bd7 (14...
Ba5 {is a bit premature as proven by GM R.Ruck:} 15. Bb5 $1 Bd7 16. Nc5 (16.
Ne5 {0-1 Cebalo,M (2512)-Dizdar,G (2542)/Vukovar 2005/EXT 2006 (43)} Nxd4 $5
17. Rxd4 Bxb5 18. Rxd8+ Rxd8 19. Qxb5 Rd5 20. Ng6 fxg6 21. Qe2 Bb6 $13) 16...
Be8 17. d5 $1 Rxd5 (17... exd5 18. Qxe7 Nxe7 19. Nxb7 Rdb8 20. Nxa5 Rxb5 21.
Nb3 a5 22. Rd2 a4 23. Nbd4 $14 {1/2 Ruck,R (2531)-Dizdar,G (2541)/Austria 2007/
EXT 2008 (38)}) 18. Rxd5 exd5 19. Qxe7 Nxe7 20. Nxb7 Bb6 21. Nd6 Bxb5 22. Nxb5
Rb8 23. Nc3 $14 {1-0 Ruck,R (2558)-Neubauer,M (2417)/Austria 2008/EXT 2009 (53)
}) 15. Bd3 $146 {With the idea of a kingside attack along the b1-h7 diagonal.}
(15. a3 Ba5 16. b4 {creates an object of counterplay by ...a7-a5:} (16. Nc5 Be8
17. Qe4 Bb6 18. Bd3 g6 19. b4 a5 20. Rb1 axb4 21. axb4 Kg7 22. h4 h5 23. Re1
Rd6 $13 {0-1 Premnath,R (2304)-Gutov,A (2444)/New Delhi IND 2010/The Week in
Chess 794 (38)}) 16... Bb6 17. Nc5 Be8 18. Qe4 (18. h4 a5 19. Rb1 axb4 20. axb4
Rd6 21. Rd3 Rad8 22. Qd2 Na7 23. Re1 Qc7 24. d5 exd5 25. Bxd5 Bc6 $11 {1/2
Cebalo,M (2544)-Rosandic,D (2280)/Zagreb 2002/CBM 091 ext (30)}) 18... a5 $1
19. Rb1 (19. d5 exd5 20. Bxd5 Qxe4 21. Nxe4 axb4 22. axb4 Nxb4 23. Bxb7 Rxd1+
24. Rxd1 Ra2 $15 {/= 1/2 Winants,L (2504)-Ehlvest,J (2600)/Bled 2002/EXT 2003 
(46)}) (19. b5 Nxd4 $1 20. Nxb7 Nxf3+ 21. Qxf3 Rxd1+ 22. Rxd1 Rb8 (22... Bxf2+
$1 23. Qxf2 Qxb7 $15) 23. Nd6 Rd8 24. Nxe8 Qxe8 $11 {0-1 Ruck,R (2572)-Ehlvest,
J (2600)/Panormo 2002/CBM 090 ext (59)}) 19... axb4 20. axb4 Nxb4 $6 (20... Ra3
$132) 21. Rxb4 Bxc5 22. Rxb7 Qd6 23. Bd3 f5 24. Qe2 Bxd4 $4 25. Nxd4 Qxd4 26.
Qxe6+ Kh8 27. Qxf5 g6 28. Qf8# {1-0 Cifuentes Parada,R (2503)-Rodriguez
Gonzalez,J (2249)/San Sebastian 2003/EXT 2005}) 15... Be8 16. Bb1 {GM Sh.
Mamedyarov himself didn't overestimate the strength of his attack but he said
he simply liked the position.} Ba5 17. Nc5 Bb6 18. a3 {Still!} Bxc5 (18... Nxd4
{was the simplest way to equality:} 19. Nxd4 Bxc5 20. Qc2 {apparently winning
a piece but...} f6 $1 {the most accurate} (20... Qg5 $143 21. Qxc5 Qxc5 22.
Rxc5 Rd6 23. Be4 $1 Rad8 24. Bxb7 Ba4 25. Rd2 Rxd4 26. Rxd4 Rxd4 27. g3 $14) (
20... Kf8 21. Qxc5 Qxc5 22. Rxc5 Rd6 23. Be4 Rad8 24. Nxe6+ $5 fxe6 25. Rxd6
Rxd6 26. Kf1 $14) 21. Qxc5 Qxc5 22. Rxc5 e5 23. Ba2+ Kh8 24. Rd5 Rxd5 25. Bxd5
exd4 26. Bxb7 Rb8 27. Be4 Rxb2 28. Rxd4 Ra2 $1 29. g4 Ra1+ 30. Kg2 Kg8 $11) 19.
Qc2 $6 (19. dxc5 $11) 19... f5 $1 (19... Kf8 20. dxc5 (20. Qh7 $6 f5 21. dxc5
Bh5) 20... Rxd1+ 21. Rxd1 Rd8 $11) 20. Qxc5 (20. dxc5 Bh5 $15) 20... Qxc5 21.
Rxc5 Rd6 $6 (21... Bh5 $142 {, and it is now White who must fight for a draw:}
22. Ba2 (22. d5 Ne5 {winning a pawn}) 22... Bxf3 23. Bxe6+ Kf8 (23... Kh8 $144)
24. gxf3 Nxd4 25. Bd5 Ne2+ (25... b6 26. Rc4 Rxd5 27. Rcxd4 $11) 26. Kf1 Nf4
27. Bb3 Rxd1+ 28. Bxd1 g6 29. Rc4 Ne6 $15 {- a typical endgame, in which
White's destroyed pawn structure is more important than his B vs N advantage
in the open position.}) 22. d5 Bh5 {Illogical although not that bad yet.} (
22... Rad8 23. Re1 Rxd5 24. Rxd5 Rxd5 25. Ba2 $11) 23. Rd3 $1 exd5 $6 (23...
Rad8 {still led to equality:} 24. dxc6 (24. g4 Bxg4 25. dxc6 Rxd3 26. Bxd3 Bxf3
27. c7 Rc8 28. Bc4 $1 (28. Bb5 $6 Bc6) 28... Bd5 $1 29. Bxd5 exd5 30. Rxd5 Rxc7
31. Rxf5 $11) 24... Rxd3 25. Bxd3 Rxd3 26. g4 $5 bxc6 $8 27. Ne1 (27. Ne5 Rd1+
28. Kg2 Bxg4 29. Rxc6 Be2 $11) 27... Rd1 28. gxh5 Rxe1+ 29. Kg2 $11 {_|_}) 24.
Rcxd5 Rf6 $2 {[%mdl 16384] Unnecessarily giving up the file. After} (24... Rxd5
25. Rxd5 g6 {[%cal Ya8d8] White's advantage was still largely symbolic, e.g.}
26. Rd7 Rd8 27. Ba2+ Kf8 28. Rxd8+ Nxd8 29. Nd4 f4 $1) 25. b4 Bf7 26. Rd7 Bc4
27. Rd2 Re8 $5 28. h4 $1 (28. Rxb7 $6 Ne5 29. Nd4 (29. Nxe5 $2 Rxe5 30. Rd1
Rfe6) 29... Rd6 {offers Black counterplay he dreams of.}) 28... b5 (28... Ne5
29. Nxe5 Rxe5 30. Kh2) 29. Rc7 Ne5 (29... Re7 30. Rc8+ Kf7 31. Bxf5 $18) 30.
Nxe5 Rxe5 31. Kh2 a6 32. g4 $1 {The decisive breakthrough.} (32. Rdd7 Rf7 {
was less convincing.}) 32... Be6 33. g5 hxg5 34. hxg5 Rf8 (34... Rf7 35. g6 $1
Rf6 $8 36. Rd8+ Rf8 37. Rd6 Re8 38. Rxa6 f4 39. Raa7 {[%cal Gc7g7,Ga7g7] and
White should win.}) 35. Re7 Re1 (35... Rf7 36. g6 $18) 36. Ba2 1-0

[Event "EU-Cup 31st"]
[Site "Skopje"]
[Date "2015.10.22"]
[Round "5.1"]
[White "Wojtaszek, Radoslaw"]
[Black "Hammer, Jon Ludvig"]
[Result "1-0"]
[WhiteElo "2734"]
[BlackElo "2680"]
[Annotator "Krasenkow,M"]
[PlyCount "101"]
[EventDate "2015.10.18"]
[EventType "team-swiss"]
[EventRounds "7"]
[EventCountry "MKD"]
[SourceTitle "CBM 169"]
[Source "ChessBase"]
[SourceDate "2015.11.10"]
[SourceVersion "1"]
[SourceVersionDate "2015.11.10"]
[SourceQuality "1"]
[WhiteTeam "Novy Bor"]
[BlackTeam "Oslo Schakselskap"]
[WhiteTeamCountry "CZE"]
[BlackTeamCountry "NOR"]

1. d4 Nf6 2. c4 e6 3. Nf3 d5 4. Nc3 Bb4 5. cxd5 exd5 6. Bg5 h6 7. Bh4 c5 8.
dxc5 Nbd7 9. Qd4 $5 {A rare but interesting move.} Qa5 ({The natural} 9... Bxc5
{deserves serious examination. It was played in the following blitz game:} 10.
Qd2 Qb6 11. e3 Bb4 12. a3 Ne4 13. Qxd5 Nxc3 $6 14. Qc4 Ba5 15. b4 $16 {0-1 (48)
Riazantsev,A (2684)-Vitiugov,N (2738) Wroclaw POL 2014}) 10. a3 (10. Rc1 $5
Bxc5 11. Qd2) 10... Bxc5 (10... Bxc3+ 11. bxc3 O-O 12. Qb4 $5 Qxc5 13. Bxf6
Qxb4 14. axb4 Nxf6 15. Nd4 Be6 16. f3 a6 17. e3 Rfc8 18. Kd2 Rc7 19. Bd3 Rac8
20. Ra3 Kf8 21. b5 axb5 22. Nxb5 Rd7 23. Nd4 $14 {1/2 (36) Vazquez Igarza,R 
(2601)-Gharamian,T (2655) Saint Quentin 2014}) 11. Qd2 O-O 12. e3 Be7 13. Bd3
$14 {As a result of the opening battle, Black does not have enough counterplay
for his isolated pawn.} (13. Be2 {was possible, too.}) 13... Qd8 (13... Nc5 14.
Bc2 Qa6 15. Qe2 {, and White keeps an edge in the endgame.}) 14. Rd1 Nc5 15.
Bb1 Be6 16. O-O (16. Bxf6 $5 Bxf6 17. Nd4 {obtaining a classic setup, mostly
known from the famous Karpov-Kasparov game.}) 16... Nce4 {This attempt to
simplify the game proves unsuccessful; perhaps it was better to try another
knight move:} (16... Nfe4 17. Nxe4 (17. Bxe7 Nxd2 18. Bxd8 Nxf3+ 19. gxf3 Raxd8
20. f4 $14) 17... dxe4 18. Qc3 Qe8 19. Nd4 $14) 17. Nxe4 Nxe4 (17... dxe4 18.
Qxd8 Rfxd8 19. Nd4 {is also unpleasant.}) 18. Bxe4 dxe4 19. Qc2 exf3 (19... Bd5
$5 {was a better option: White wins a pawn by means of} 20. Bxe7 Qxe7 21. Rxd5
exf3 22. gxf3 {but after, say,} Rac8 {it will be very difficult to convert it
due to White's doubled pawns. After the text move, sacrificing the queen,
White has a lot of technical problems, too, but GM Radek Wojtaszek
successfully overcomes them.}) 20. Rxd8 Bxd8 21. Bxd8 fxg2 22. Rd1 Rfxd8 23.
Rxd8+ Rxd8 {[%mdl 4096]} 24. Kxg2 a6 25. e4 g5 {It is not easy to say whether
this move is necessary.} 26. Qc3 Kh7 27. f3 Rd1 {If Black waits passively:} (
27... Rd7 {, White can prepare h2-h4, eliminating Black's g5-pawn, and then
start moving his f-pawn.}) 28. Qc2 Re1 29. Qd2 Rb1 30. Qc2 Re1 31. Kf2 Rh1 32.
Ke3 b5 33. Kd4 Rf1 34. Qg2 Rc1 35. Ke5 Bb3 36. h4 Rc6 37. Qg3 Bd1 $6 (37... f6+
$142) 38. hxg5 hxg5 39. Qg2 $1 {Black's pieces have lost co-ordination, and he
can't avoid fresh material losses.} Rh6 (39... Bb3 40. Kd4 {[%cal Rg2g5,Rf3f4]}
) 40. Kf5 g4 41. Qxg4 Rg6 42. Qh4+ Rh6 43. Qe7 Bb3 44. f4 Kg7 45. Qe5+ Kg8 46.
Qc3 Ba2 $2 {Loses on the spot but} (46... Be6+ 47. Ke5 {was hopeless, too.})
47. b3 {[%cal Rc3b2]} Bb1 48. Qc1 $1 Bd3 49. Qc8+ Kh7 (49... Kg7 50. Qc3+) 50.
Qd7 Rh5+ 51. Kf6 1-0

[Event "EU-chT (Men) 17th"]
[Site "Novi Sad"]
[Date "2009.10.27"]
[Round "6"]
[White "L'Ami, Erwin"]
[Black "Cornette, Matthieu"]
[Result "1-0"]
[WhiteElo "2606"]
[BlackElo "2577"]
[Annotator "L'Ami,E"]
[PlyCount "123"]
[EventDate "2009.10.22"]
[EventType "team-swiss"]
[EventRounds "9"]
[EventCountry "YUG"]
[SourceTitle "CBM 133"]
[Source "ChessBase"]
[SourceDate "2009.11.19"]
[SourceVersion "1"]
[SourceVersionDate "2009.11.19"]
[SourceQuality "1"]
[WhiteTeam "Netherlands"]
[BlackTeam "France"]
[WhiteTeamCountry "NED"]
[BlackTeamCountry "FRA"]

1. d4 Nf6 2. c4 e6 3. Nc3 Bb4 4. Nf3 d5 5. Bg5 h6 6. Bxf6 Qxf6 7. Qb3 c5 8.
cxd5 exd5 9. e3 O-O 10. dxc5 Bxc3+ 11. Qxc3 Qxc3+ 12. bxc3 {I know this
endgame is supposed to be drawish but it's a good feeling to be a pawn up,
especially in a team match. Furthermore, it's not a dead draw just yet.} Nd7 (
12... Be6 {is a perfectly reasonable alternative.}) 13. Rd1 Nxc5 14. Rxd5 b6
15. Rd4 Bb7 $5 ({Unknown to me but perhaps the most precise. Instead} 15... Be6
16. c4 Rfc8 17. g4 $1 Rc7 18. g5 hxg5 19. Nxg5 {was better for White in
Kramnik-Khalifman, Zuerich rapid 2009}) 16. Bc4 {This looked logical to me,
pressuring f7 thus trying to make use of the fact that Black's bishop is on
the other diagonal.} Rac8 17. O-O ({As a rule, the king should head for the
centre in an endgame. It can, however, also be in the way there;} 17. Ke2 Ne4
18. Ne5 (18. Rc1 Rxc4 19. Rxc4 Ba6 {pinning and winning.}) 18... Nxc3+ 19. Kd3
Na4 {and ...Nc5.}) (17. Ne5 {also doesn't work in view of} Bxg2 18. Rg1 Bh3 {
followed by ...Be6}) 17... Rfe8 $6 ({Giving me the chance to succesfully
consolidate. I think} 17... Bxf3 $5 18. gxf3 Ne6 19. Rg4 (19. Bxe6 fxe6 {
allows Black to restore the material balance.}) 19... Rfd8 20. Rc1 Rd2 21. Kg2
Kf8 {should be more or less OK for Black. But mathematically best is probably})
(17... Ne6 18. Bxe6 ({Here} 18. Rg4 {is less good because of} Rc5 $1 {
threatening to win material with ...h5 Rh4 g5!}) 18... fxe6 19. Ne5 (19. Rd7
Rf7 $11) 19... Rc5 $5 (19... Rxc3 20. Rd7 Ba6 21. Rfd1 Rc2 22. f3 Rxa2 23. Rxa7
Rc8 24. h4 {is very dangerous for Black because of} Rcc2 25. Ng4 $1 Rxg2+ 26.
Kh1 {threatening Nf6+!}) 20. Nd7 (20. f4 Rxc3 21. Rd7 Bd5 $11) 20... Rg5 21.
Nxf8 (21. e4 Rc8 $132 {with good compensation.}) 21... Rxg2+ 22. Kh1 Rxf2+ 23.
Kg1 Rg2+ {draw.}) 18. Nd2 Re7 19. Rc1 Rec7 20. h4 $6 ({More accurate was} 20.
Be2 {to be able to answer} Ne6 {with} 21. Rc4 $14) 20... Kf8 $6 (20... Ne6 21.
Bxe6 fxe6 {offered better chances.}) 21. f3 a6 $6 22. Be2 b5 23. c4 {After
this weakness is exchanged White is clearly better.} Ne6 24. Rd3 (24. Rd6 Ke7
25. Rb6 Nf8 $1 {is something to avoid.}) 24... bxc4 (24... Nc5 25. Ra3 $1 b4
26. Ra5 {was not a great alternative.}) 25. Rdc3 Bd5 26. Bxc4 Nd8 $5 {Now I
had to find the best way to unpin.} 27. Rd3 $2 ({I completely missed that after
} 27. R3c2 Nb7 28. e4 Be6 {I have the -not so difficult- move} 29. a3 $1 {
after which I can safely unpin by Bd3 or b3} Nd6 30. Bd3 Rxc2 31. Rxc2 Rxc2 32.
Bxc2 Nb5 {and now not} 33. a4 Nd4 34. Bd3 Bd7 $1 {eliminating the a-pawn, but
33.Nb1! followed by Kf2-e3. White still has a lot of work ahead but it is
surely better than the rook endgame I got in the game.}) 27... Be6 28. Rd1 Bxc4
29. Nxc4 Rxc4 30. Rxd8+ Rxd8 31. Rxd8+ Ke7 32. Rd4 Rc1+ $6 {A bit strange, I
am planning to move up with the king anyway.} 33. Kh2 Rc3 34. e4 Ra3 35. Rd2
Ke6 36. Rb2 $6 (36. Rc2 {would have stopped ...f5. Black would do best to play}
h5 37. Kg3 g6 38. Kf4 Kf6 {after which I fail to find a winning plan.}) 36...
f5 $5 {Entering concrete play, as noted previously Black could also wait
passively. Objectively speaking, however, there is nothing wrong with Black's
last move.} 37. Rb6+ Ke5 38. exf5 Kxf5 39. h5 $1 {Winning the g-pawn.} Rxa2 40.
Rg6 Kf4 $1 41. Rxg7 ({I could give a check first but it doesn't change the
evaluation} 41. Rg4+ Ke3 42. Rxg7 Ra5 43. Kg3 (43. g4 $5 Kxf3 44. Kh3 {
transposes to the game}) 43... Rxh5 44. Re7+ Kd3 45. f4 a5 46. Kg4 Rh2 47. g3
h5+ $5 48. Kg5 Rg2 $11) 41... Ra5 42. g4 $5 ({Now to my suprise I found out
that} 42. Rf7+ Rf5 $1 {leads nowhere for White} 43. g3+ Ke5 44. Ra7 Rxh5+ 45.
Kg2 Kf6 $1 46. Rxa6+ Kg7 $11) (42. Rg4+ Ke3 43. Rh4 {didn't look very
inspiring either... which brought me to the game continuation.}) 42... Kxf3 43.
Kh3 Ra1 44. Rf7+ Ke4 45. Rf6 a5 46. Rxh6 Kf4 $1 {The king has to get in front
of the pawns.} 47. Rf6+ Kg5 48. Rf5+ ({The only try left,} 48. Rg6+ Kf4 49. h6
a4 50. Kg2 Ra2+ {is just drawn.}) 48... Kh6 49. Rb5 ({Unfortunately I have no
usefull move, if} 49. Kg3 Rg1+ {I can't go to the f-file.}) 49... a4 50. Kg3
Rg1+ 51. Kf3 a3 52. Ra5 Rf1+ 53. Kg2 Ra1 54. Kh2 {Forcing Black to push the
a-pawn.} a2 55. Kg2 Kg7 $4 ({Black has managed to defend and now the finishing
touch would be to give up the a-pawn and block White's pawns. A theoretical
drawn position then arises;} 55... Rb1 56. Rxa2 Kg5 $11 {I refer the
interested reader to the endgame manuals.}) 56. Ra6 Kg8 ({Now after giving up
his a-pawn Black wont be able to block the g- and h-pawns.} 56... Rb1 57. Rxa2
Kh6 58. Ra6+ $18) 57. Ra7 Kh8 58. Kh2 $1 ({Important! White could still go
wrong with} 58. g5 Rb1 $1 59. Rxa2 Rb5 {and it's impossible to defend the pawns
} 60. Ra8+ Kg7 $1 61. h6+ Kh7 $1 62. Ra7+ Kh8 $11 {With my last move I clear
g2 for the rook.}) 58... Kg8 59. g5 Kh8 60. Ra8+ Kg7 $6 ({Speeding up the end,
tougher was} 60... Kh7 61. Ra7+ Kh8 62. h6 Rb1 63. Rxa2 Rb5 64. Rg2 {when} Kg8
$5 65. Kh3 $4 Kh7 $1 66. g6+ Kxh6 67. g7 Rh5+ {is something to avoid!}) 61. h6+
Kg6 62. Ra6+ {Black resigned, the pawns are unstoppable.} 1-0